Authority in social case work (Record no. 1848004)

MARC details
000 -LEADER
fixed length control field 00518nam a22001937a 4500
005 - DATE AND TIME OF LATEST TRANSACTION
control field 20260406160741.0
008 - FIXED-LENGTH DATA ELEMENTS--GENERAL INFORMATION
fixed length control field 260406b |||||||| |||| 00| 0 eng d
037 ## - SOURCE OF ACQUISITION
Terms of availability DSWL
040 ## - CATALOGING SOURCE
Original cataloging agency DSWL
Transcribing agency DSWL
041 ## - LANGUAGE CODE
Language code of original eng
084 ## - COLON CLASSIFICATION NUMBER
Classification number YX,ZB N68;2
100 ## - MAIN ENTRY--PERSONAL NAME
Personal name Foren, R
245 ## - TITLE STATEMENT
Title Authority in social case work
260 ## - PUBLICATION, DISTRIBUTION, ETC.
Place of publication, distribution, etc. London,
Name of publisher, distributor, etc. Pergamon Press,
Date of publication, distribution, etc. 1968
300 ## - PHYSICAL DESCRIPTION
Extent XXI+310p
700 ## - ADDED ENTRY--PERSONAL NAME
Personal name R Bailey
9 (RLIN) 1234164
942 ## - ADDED ENTRY ELEMENTS (KOHA)
Source of classification or shelving scheme Colon Classification (CC)
Koha item type Textual
Classification part YX,ZB N68;2
Suppress in OPAC No
Holdings
Withdrawn status Lost status Source of classification or shelving scheme Damaged status Not for loan Home library Current library Date acquired Source of acquisition Inventory number Total Checkouts Full call number Barcode Date last seen Price effective from Koha item type Date due Date last checked out
    Colon Classification (CC)     Department of Social Work Library Department of Social Work Library 1971-03-18 Atma Ram & Sons M/5456/70   YX,ZB N68;1 SW0015035 2026-04-06 2026-04-06 Textual    
    Colon Classification (CC)     Department of Social Work Library Department of Social Work Library 1971-03-18 Atma Ram & Sons M/5456/70 2 YX,ZB N68;2 SW0015036 2026-04-13 2026-04-06 Textual 2026-04-20 2026-04-13
Copyright @ Delhi University Library System